000 00568nam a2200217Ia 4500
003 GCL
008 140319s9999 xx 000 0 eng d
040 _aGCL /
_cGCL
082 0 4 _aCC
_b892.76
_bY C
100 1 _aWADIDA, WASSE
245 1 0 _aTHE CHEAPEST NIGHTS /
_cWADIDA, WASSE
700 1 _aYUSUF IDRIS
260 _a[S.N] :
_bTHE AMERICAN UNIVERSITY IN CAIRO PRESS ،
_c1990
300 _a194 P
650 0 4 _aLITERATURE
650 0 4 _aARABIC LITERATURE
650 0 4 _aFICTION
650 0 4 _aNAGUIB MAHFOUZ
650 0 4 _aEGYPT - LITERATURE
942 _2ddc
_cBK
999 _c12857
_d12857